000
00322nam a2200133Ia 4500
008
151001s9999||||xx |||||||||||||| ||und||
100
_a
गुलजार
245
_a
मेरे अपने
250
_a
1
260
_b
राधाकृष्ण
260
_c
1997
300
_a
14
365
_b
21
999
_c
992521
_d
992518